[Event "XXX Roquetas de Mar Open 2019"]
[Site "Roquetas de Mar"]
[Date "2019.01.07"]
[Round "9"]
[White "Shirov, Alexei"]
[Black "Barski, Radoslaw"]
[Result "1-0"]
[WhiteElo "2658"]
[BlackElo "2458"]
[Annotator "TA"]
[PlyCount "93"]
[EventDate "2019.01.02"]
[EventType "swiss"]
[EventCountry "ESP"]
[SourceTitle "playchess.com"]
[Source "ChessBase"]
[SourceQuality "1"]

{[%evp 15,93,0,35,-11,-15,0,79,60,103,100,97,68,103,104,88,118,112,113,144,101,110,90,66,60,172,185,179,185,276,304,301,298,277,282,295,259,302,241,174,18,0,0,0,0,0,-23,-16,-427,-73,-62,-62,-96,-109,-136,145,149,150,59,65,67,72,0,0,0,59,62,65,0,0,0,0,0,561,258,627,383,6175,6175,5314,5314]} 1. e4 c5 2. Nf3 d6 3. d4 cxd4 4. Nxd4 Nf6 5. Nc3 a6 6. h3 e5 7. Nb3 Be6 {B90: Sicilian Najdorf: Unusual White 6th moves, 6 Be3 Ng4 and 6 Be3 e5} 8. f4 g6 {LiveBook: 24 Games} 9. f5 $146 ({Predecessor:} 9. Be2 Nbd7 10. O-O Rc8 11. f5 gxf5 12. exf5 Bc4 13. Bxc4 Rxc4 14. Qd3 Qc7 15. Be3 {0-1 (40) Gharamian,T (2626)-Rodshtein,M (2698) Chartres 2017}) 9... gxf5 {The position is equal.} 10. exf5 Bxb3 (10... Bxf5 $11 11. Qf3 Bxc2) 11. axb3 $16 Nbd7 12. Be3 Qc7 13. Be2 Qc6 14. Bf3 e4 15. Be2 b5 16. Qd2 $1 h5 17. O-O-O Rc8 18. Kb1 h4 19. Rhe1 {Strongly threatening Bf4.} b4 ({Black should try} 19... Be7 $1 $14) 20. Nd5 $18 Nxd5 21. Qxd5 Qxc2+ (21... Rg8 $142 22. Qxc6 Rxc6) 22. Ka2 $1 Bg7 {[%csl Gg7][%cal Rc2b2]} 23. f6 $1 {[%cal Rf6g7]} (23. Rd2 Qc6 $16) 23... Bxf6 {[%csl Gf6][%cal Rc2b2]} 24. Rd2 Qc6 25. Qf5 $1 Be5 26. Bg4 Rc7 27. Bd4 $2 (27. Bg5 $1 $18) 27... Nc5 $1 $11 {[%cal Rc5b3]} (27... Bxd4 $2 28. Rxd4 Ne5 29. Qf6 $18 (29. Qxe4 Qxe4 30. Rexe4 Ke7 $11)) 28. Re3 (28. Bxe5 $2 Nxb3 29. Qd7+ Rxd7 $19) 28... Qd5 {White must now prevent ...Rg8.} 29. Rd1 a5 {Threatens to win with ...Nxb3.} 30. Kb1 (30. Bxc5 $5 Qxc5 31. Qxe4 $11) 30... Rg8 {Hoping for ...Rxg4.} (30... Nxb3 $6 31. Bxe5 Nd2+ 32. Rxd2 $16) 31. Qh5 $2 {[%mdl 8192]} (31. Bxc5 $1 $11 Qxc5 32. Qxe4) 31... Kf8 $2 (31... Rxg4 $19 {is more deadly.} 32. Qxg4 Bxd4 33. Qxh4 Re7) 32. Qh6+ Ke7 $1 33. Qxh4+ Ke8 34. Bc3 {[#]} Qxb3 $2 {[%mdl 8192] [#]} (34... Qxd1+ $1 $17 {[%mdl 512] stays on course.} 35. Bxd1 bxc3 36. bxc3 Rxg2) 35. Bxe5 $1 $16 {[%mdl 512]} Nd3 {[#] ( -> ...Qc2+)} (35... dxe5 36. Qd8#) 36. Rdxd3 $1 {[%mdl 512]} Qc2+ $14 (36... Qxd3+ 37. Rxd3) 37. Ka2 $1 Qa4+ 38. Kb1 (38. Ra3 $1 $16 {[%cal Ra3a4]} bxa3 39. Rxe4 $1 {[%mdl 512]} Qxe4 40. Bd7+ $1 {[%mdl 512]} Rxd7 41. Qxe4 dxe5 42. Qxe5+ Kf8 43. Qb8+ (43. Qxa5 axb2 44. Qb4+ Re7 $14) (43. Kxa3 Rxg2 44. Qxa5 Rd3+ 45. Ka2 Rdd2 $11) 43... Kg7 44. Qg3+ Kf8 45. Qxa3+ Re7 46. Qxa5) 38... Qc2+ $11 39. Ka2 (39. Ka1 $11 Qa4+ 40. Kb1 Qc2+) 39... Qa4+ $14 40. Ra3 $1 {[%cal Ra3a4]} bxa3 {[#]} 41. Rxa3 $40 {[%mdl 128] White mounts an attack.} (41. Rxe4 $1 $14 {[%mdl 512]} Qxe4 {[#]} 42. Bd7+ $1 {[%mdl 512]} Rxd7 43. Qxe4 dxe5 44. Qxe5+ Kf8 45. Qb8+ (45. Qxa5 axb2 46. Qb4+ Re7 $14) (45. Kxa3 Rxg2 46. b3 Rd3 $11) 45... Kg7 46. Qg3+ Kf8 47. Qxa3+ Re7 48. Qxa5) 41... Qc4+ $11 42. b3 Qd5 ({But not} 42... Qc2+ $2 43. Bb2 $18) (42... Qc1 $5 43. Bb2 $8 Rc2 $11) 43. Bb2 Qd2 $2 {[%mdl 8192]} (43... Rc2 $11 {and Black has nothing to worry.} 44. Ka1 Rxg2) 44. Qh7 (44. Ra4 $142 Qxg2 45. Rxa5) 44... Rg6 $2 (44... Kf8 45. Qh4 (45. Qxe4 Rc2 $11) 45... Qg5) 45. Ra4 d5 $2 (45... Qh6 46. Rxe4+ Kf8 47. Qxh6+ Rxh6) 46. Qh8+ $18 Ke7 47. Qe5+ {Precision: White = 47%, Black = 41%.} 1-0

[Event "XXX Roquetas de Mar Open 2019"]
[Site "Roquetas de Mar"]
[Date "2019.01.07"]
[Round "9"]
[White "Grigoryan, Karen H."]
[Black "Espinosa Aranda, Angel"]
[Result "1/2-1/2"]
[WhiteElo "2557"]
[BlackElo "2478"]
[Annotator "TA"]
[PlyCount "108"]
[EventDate "2019.01.02"]
[EventType "swiss"]
[EventCountry "ESP"]
[SourceTitle "playchess.com"]
[Source "ChessBase"]
[SourceQuality "1"]

{[%evp 16,108,10,12,25,43,40,27,27,19,27,10,22,0,11,7,0,0,0,18,9,10,14,4,8,0,0,0,0,-7,0,0,0,-13,-16,-38,-41,-58,0,0,0,-13,0,-42,0,-26,0,0,0,-19,-12,-15,0,0,0,0,0,0,0,0,0,0,6,5,8,7,12,-8,65,57,93,20,10,20,20,16,18,28,28,20,28,14,15,0,0,0,0,0,24,0,0,0,18,0,0]} 1. g3 d5 2. Nf3 g6 3. Bg2 Bg7 4. d4 Nd7 5. c4 dxc4 6. Qa4 Ngf6 7. Nc3 O-O 8. Qxc4 Nb6 {D96: Grünfeld: Russian System (5 Qb3): sidelines} 9. Qd3 {LiveBook: 10 Games} Bf5 10. e4 Bg4 {White is slightly better.} 11. Ne5 $146 ({Predecessor:} 11. O-O c5 12. d5 e6 13. h3 c4 14. Qd1 Bxf3 15. Qxf3 exd5 16. exd5 {1-0 (31) Stefanova,A (2486)-Ben Artzi,I (2344) Caleta 2014}) 11... Be6 12. Be3 Nfd7 13. Nxd7 Qxd7 14. b3 Rad8 {[%cal Rg7d4]} 15. Rd1 Bh3 16. O-O Bxg2 17. Kxg2 f5 18. f3 fxe4 19. Nxe4 Nd5 20. Bf2 {[%cal Be3f2,Bf2e1,Be1d2,Bd2c1][%mdl 32]} b6 21. Qe2 Rf5 22. Rd3 Rdf8 (22... g5 {looks sharper.} 23. Nc3) 23. Be1 a5 24. h4 a4 25. Rd1 axb3 26. axb3 {[#]} h6 ({Black should try} 26... Qb5 $1 $15 {[%mdl 512]} 27. Qd3 (27. Qxb5 $2 {perishes.} Ne3+ {[%mdl 64] Double Attack, Discovered Attack} 28. Kg1 Rxb5 $19) 27... Ra8) 27. Bd2 $11 Kh7 28. Bc1 Qc6 29. Bb2 Qd7 (29... Qb5 $5 {[%cal Rb5e2]} 30. Rd3 (30. Ng5+ $2 hxg5 31. Qd3 Qxd3 $19) 30... e6 $15) 30. Rf2 Qc6 31. Rc1 Qd7 32. Kg1 Ra8 33. Qd3 Ra2 34. Rd1 Qc6 35. Rdd2 Qd7 36. Kh2 Qc6 37. Rde2 Nb4 38. Qd1 Nd5 39. Qb1 Ra8 40. Nd2 Raf8 41. Kg2 Nf6 (41... Kg8 $11) 42. Rxe7 $14 Qd6 43. Re5 (43. Rfe2 $16) 43... Ng4 $1 $11 44. Ne4 Bxe5 45. Nxd6 Bxd6 46. f4 {[#] Re2 is the strong threat.} Nxf2 47. Kxf2 h5 48. Ke2 R8f7 49. Kd3 Bf8 50. Qe1 Bg7 51. Qe6 R5f6 52. Qe4 Rf5 {The position is equal.} 53. Qe6 R5f6 54. Qe4 Rf5 {Accuracy: White = 50%, Black = 67%.} 1/2-1/2

[Event "XXX Roquetas de Mar Open 2019"]
[Site "Roquetas de Mar"]
[Date "2019.01.07"]
[Round "9"]
[White "Marin, Mihail"]
[Black "Ladron De Guevara Pinto, Paolo"]
[Result "1/2-1/2"]
[WhiteElo "2540"]
[BlackElo "2418"]
[Annotator "TA"]
[PlyCount "141"]
[EventDate "2019.01.02"]
[EventType "swiss"]
[EventCountry "ESP"]
[SourceTitle "playchess.com"]
[Source "ChessBase"]
[SourceQuality "1"]

{[%evp 18,141,43,34,36,27,57,57,110,25,57,0,90,62,88,70,106,113,126,74,147,110,94,99,150,80,87,82,88,95,118,134,131,143,142,135,132,108,122,113,132,142,141,138,143,107,95,72,118,126,126,79,79,79,79,79,79,77,131,125,115,121,127,47,127,131,129,142,130,130,187,189,190,189,185,129,130,31,31,31,31,31,31,31,31,31,31,31,31,31,31,31,31,31,325,343,332,160,588,0,0,0,0,0,0,0,0,0,0,0,0,0,0,0,0,0,0,0,0,0,0,0,0,0,0,0]} 1. c4 Nf6 2. g3 g6 3. Bg2 Bg7 4. Nc3 O-O 5. d4 d6 6. Nf3 Nbd7 7. O-O e5 8. e4 exd4 9. Nxd4 Nc5 10. f3 {LiveBook: 12 Games} Nfd7 {E68: King's Indian: Fianchetto: 6...Nbd7 7 0-0 e5 8 e4} 11. Be3 Ne5 12. Qe2 Nc6 $146 (12... c6 $14) ({Predecessor:} 12... Bd7 13. Rad1 Re8 14. b4 Ne6 15. c5 Nxd4 16. Bxd4 dxc5 17. Bxc5 Qc8 18. Nd5 {½-½ (45) Martinez Martin,D (2386)-Ganguly,S (2630) Linares 2013}) 13. Nc2 (13. Rad1 $16 {Strongly threatening Nxc6.} Nxd4 14. Bxd4 Bxd4+ 15. Rxd4) 13... Be6 14. Rad1 (14. f4 $14) 14... Qc8 (14... Bxc3 $1 $11 {keeps the balance.} 15. bxc3 Na4) 15. Nd5 a5 (15... Bxb2 16. Ncb4 $16) 16. Na3 Bxd5 17. cxd5 ({Much worse is} 17. Rxd5 $6 Re8 $11) 17... Nb4 18. f4 (18. Bxc5 $142 dxc5 19. e5) 18... Nd7 (18... b6 $142) 19. b3 Re8 20. Nb5 Qd8 (20... Nf6 $142) 21. Qd2 (21. Rfe1 $142) 21... Nf6 $16 22. a3 Na6 23. Nc3 ({Much weaker is} 23. Qxa5 Nxe4 24. Bd4 Bxd4+ 25. Rxd4 Nec5 $11) 23... Ng4 24. Bd4 Bxd4+ 25. Qxd4 Qf6 26. Qd2 $1 {Black must now prevent h3.} Qg7 27. Rfe1 f5 28. h3 Nf6 29. e5 Nd7 {[%cal Rd6e5]} 30. e6 Nf6 31. Nb5 Nc5 32. Re3 Nce4 33. Qd4 Re7 34. g4 c6 35. dxc6 bxc6 36. Bxe4 ({But not} 36. Nxd6 Nd5 $11) 36... Nxe4 37. Nxd6 Qxd4 ({Black should try} 37... Rd8) 38. Rxd4 Rxe6 39. Nxe4 {aiming for gxf5.} fxe4 40. Rexe4 (40. Rdxe4 $16 Rxe4 41. Rxe4) 40... Rxe4 (40... c5 $1 $14) 41. Rxe4 {[%mdl 4096] Endgame KR-KR} Rb8 42. Re3 Rd8 43. Kf2 Rd2+ (43... Rd4 $16 {keeps fighting.}) 44. Kf3 $18 Kf7 45. Rc3 Ke7 46. Rxc6 ({Better is} 46. a4 $18) 46... Rd3+ $16 47. Kg2 (47. Ke4 $16 Rxb3 48. Rc7+ Kf8 49. Rxh7) 47... Rxb3 $14 48. Rc7+ Kf8 49. Rxh7 Rxa3 50. Ra7 Kg8 $1 51. h4 Kf8 52. g5 a4 53. Kh2 Kg8 $1 54. Ra6 Kg7 55. Kg2 Kh7 $2 {[%mdl 8192] [#]} (55... Kf7 $14) 56. h5 $1 $18 {[%cal Rh5g6]} gxh5 57. Rh6+ (57. f5 $18 {Hoping for f6.} h4 58. Rh6+ Kg8 59. Rxh4) 57... Kg7 $2 {[#]} (57... Kg8 $16 {is more resistant.}) 58. Rxh5 $2 (58. f5 $1 $18) 58... Rb3 $11 {The position is equal.} 59. Rh6 a3 60. Ra6 Rc3 61. Kf2 Rb3 62. Ke2 Rh3 63. Kf2 Rc3 64. Kg2 Rb3 65. f5 {[%cal Bf4f5,Bf5f6][%mdl 32]} Rb5 66. Ra7+ Kg8 67. Ra8+ Kg7 68. f6+ Kf7 69. Ra7+ Kf8 70. Ra8+ Kf7 71. Ra7+ {Accuracy: White = 53%, Black = 57%.} 1/2-1/2

[Event "XXX Roquetas de Mar Open 2019"]
[Site "Roquetas de Mar"]
[Date "2019.01.07"]
[Round "9"]
[White "Nasuta, Grzegorz"]
[Black "Martinez Fernandez, Adrian"]
[Result "1/2-1/2"]
[WhiteElo "2534"]
[BlackElo "2232"]
[Annotator "TA"]
[PlyCount "66"]
[EventDate "2019.01.02"]
[EventType "swiss"]
[EventCountry "ESP"]
[SourceTitle "playchess.com"]
[Source "ChessBase"]
[SourceQuality "1"]

{[%evp 16,66,4,0,18,20,18,20,31,26,24,-21,11,0,22,18,25,15,27,21,38,16,62,52,95,45,58,33,43,0,0,0,2,0,0,0,0,0,0,-8,0,0,0,0,6,-33,0,0,0,0,0,0,0]} 1. e4 c5 2. Nf3 d6 3. d4 cxd4 4. Qxd4 Nc6 5. Qe3 g6 6. Be2 {B53: Sicilian: 2...d6: Lines with Qxd4} Bg7 7. O-O Nf6 8. h3 O-O 9. Rd1 {LiveBook: 15 Games} Qa5 (9... Nd7 10. Nc3 b6 11. b3 Bb7 12. Bb2 Rc8 {½-½ (48) Demchenko,A (2679)-Sarana,A (2641) Sochi 2018}) 10. Nc3 $146 ({Predecessor:} 10. c4 Nd7 11. Nc3 Nde5 12. Nd2 Qc5 {1-0 (38) Lianes Garcia,M (2340)-Amoros Moran,J (1908) Linares 2018}) 10... a6 11. a3 {[%cal Ba2a3,Ba3a4][%mdl 32]} b5 {[%cal Bb7b5,Bb5b4][%mdl 32]} 12. Bd2 Qc7 13. Rab1 Bb7 14. a4 $36 {[%mdl 2048] White is pushing.} b4 15. Nd5 Nxd5 16. exd5 Ne5 17. Nxe5 Bxe5 18. c4 bxc3 19. Bxc3 Rfc8 20. a5 Rab8 21. Be1 (21. Bxe5 {keeps more tension.} dxe5 22. b4 Ra8 23. Bf3 Rab8 24. d6) 21... Qc5 22. Qxc5 (22. b4 $5 {[%cal Rb4c5]} Qxe3 23. fxe3 $11) 22... dxc5 23. Bc3 Bd6 24. Bc4 Rc7 25. Kf1 Bc8 26. b3 Ra7 27. Ke2 Bd7 28. Rb2 Bb5 29. Kd3 Rab7 30. Rdb1 Bxc4+ 31. bxc4 {The position is equal.} Rxb2 32. Rxb2 Rxb2 33. Bxb2 f5 {Accuracy: White = 37%, Black = 44%.} 1/2-1/2

[Event "XXX Roquetas de Mar Open 2019"]
[Site "Roquetas de Mar"]
[Date "2019.01.07"]
[Round "9"]
[White "Sadzikowski, Daniel"]
[Black "Merario Alarcon, Andres"]
[Result "1-0"]
[WhiteElo "2534"]
[BlackElo "2405"]
[Annotator "TA"]
[PlyCount "116"]
[EventDate "2019.01.02"]
[EventType "swiss"]
[EventCountry "ESP"]
[SourceTitle "playchess.com"]
[Source "ChessBase"]
[SourceQuality "1"]

{[%evp 16,116,19,0,26,19,27,34,32,26,22,28,22,33,37,18,39,0,0,-3,0,0,0,0,14,0,0,0,55,60,67,60,60,44,39,40,48,37,43,45,39,72,66,64,64,68,60,43,50,43,37,31,89,98,108,15,15,15,19,16,95,91,79,77,87,77,179,148,568,563,560,548,600,611,581,522,481,394,163,357,400,389,376,365,347,150,909,770,760,752,752,705,621,621,29939,12849,7462,10801,9028,6070,5265,4647,4590]} 1. e4 e5 2. Nf3 Nc6 3. Bb5 Nf6 4. d3 Bc5 5. Ba4 $146 ({Predecessor:} 5. c3 O-O 6. O-O d5 7. Nbd2 dxe4 8. dxe4 a5 9. Bxc6 bxc6 10. Nxe5 Re8 11. Nb3 Qxd1 12. Rxd1 Bb6 13. Nc4 Nxe4 14. Nxb6 cxb6 {½-½ (43) Sethuraman,S (2673)-Giri,A (2780) Douglas 2018}) 5... O-O 6. O-O {C65: Ruy Lopez: Berlin Defence (3...Nf6), unusual lines and 4 0-0 Bc5} Re8 7. Bg5 a6 8. c3 b5 9. Bb3 {LiveBook: 3 Games} Be7 10. a4 {axb5 is the strong threat.} Rb8 11. axb5 axb5 12. Re1 h6 13. Bh4 d6 14. Bg3 Bf8 15. Nbd2 Nh5 16. h3 Nxg3 17. fxg3 Be6 18. Bxe6 Rxe6 19. Qb3 Ne7 20. Ra6 c6 21. Qa2 Rb6 (21... Qd7 $11) 22. Qa5 $14 Rb8 23. Qxd8 Rxd8 24. g4 d5 25. exd5 Rxd5 26. d4 {[%cal Rf3e5]} Ng6 27. Kf1 Rf6 28. Ne4 Rf4 29. Nf2 $36 {[%mdl 2048] White is pushing.} exd4 30. cxd4 c5 31. Nd3 Rf6 32. Rxf6 gxf6 33. Re8 Kh7 ({Better is} 33... Kg7 $14) 34. h4 $16 {Hoping for h5.} c4 35. h5 (35. Nde1 $16) 35... cxd3 $11 36. hxg6+ {[%mdl 4096] Endgame KRB-KRN} Kg7 37. gxf7 d2 (37... h5 $11 38. gxh5 Rxh5) 38. Ke2 $16 Kxf7 {[#]} 39. Re4 $1 Bb4 40. Nxd2 Bxd2 (40... h5 $16 {keeps fighting.}) 41. Kxd2 {KR-KR} h5 $2 {[%mdl 8192]} (41... Rg5 $16 42. Kd3 Kg7) 42. gxh5 $18 Rxh5 43. Kc3 Rh2 44. Re2 Rh5 45. Kb4 Rd5 46. Rd2 Ke6 47. Ka5 Kd7 {[#]} 48. b4 $1 Kc7 49. Ka6 Kc6 50. Rf2 (50. Rc2+ $18 {and White stays clearly on top.} Kd7 51. Ka5) 50... f5 $2 (50... Rxd4 $16 51. Rxf6+ Kc7) 51. Rc2+ Kd7 52. Rc5 Rxd4 53. Kxb5 Rf4 54. Rc2 Rf1 55. Kb6 Rb1 {White is clearly winning.} 56. b5 {[%cal Bb4b5,Bb5b6][%mdl 32]} f4 57. Ka6 Ke6 58. b6 Kd5 {Accuracy: White = 73%, Black = 34%.} 1-0

[Event "XXX Roquetas de Mar Open 2019"]
[Site "Roquetas de Mar"]
[Date "2019.01.07"]
[Round "9"]
[White "Xu, Yi"]
[Black "Franco Ocampos, Zenon"]
[Result "1-0"]
[WhiteElo "2528"]
[BlackElo "2477"]
[Annotator "TA"]
[PlyCount "77"]
[EventDate "2019.01.02"]
[EventType "swiss"]
[EventCountry "ESP"]
[SourceTitle "playchess.com"]
[Source "ChessBase"]
[SourceQuality "1"]

{[%evp 30,77,17,41,83,36,55,51,144,135,111,61,56,61,59,64,395,387,350,156,163,117,121,95,140,129,101,79,79,79,83,68,69,52,81,0,0,0,383,372,676,675,661,647,29983,29982,6352,6130,5273,4445]} 1. e4 c5 2. Nf3 d6 3. d4 cxd4 4. Nxd4 Nf6 5. Nc3 Nc6 6. Bg5 e6 7. Qd2 a6 8. O-O-O Bd7 9. f3 Rc8 10. Kb1 Be7 11. h4 h6 {B67: Sicilian: Richter-Rauzer: 7...a6 8 0-0-0 Bd7, lines without 9 f4 Be7} 12. Be3 h5 13. Nxc6 Bxc6 14. Ne2 d5 15. e5 Nd7 16. f4 {[#] LiveBook: 4 Games} Bxh4 $146 ({Predecessor:} 16... g6 17. Nd4 Nc5 18. Bd3 Qb6 19. Ka1 {1-0 (33) Grischuk,A (2717)-Timofeev,A (2658) Sochi 2007}) 17. g3 {[%cal Bg2g3,Bg3g4][%mdl 32]} Be7 {Hoping for ...d4!} 18. Nd4 {[%mdl 1024] White has compensation.} g6 {[#]} ({Black should play} 18... Nc5 $14) 19. g4 $1 $16 h4 20. Bd3 Nc5 21. f5 gxf5 22. gxf5 exf5 $2 {[%mdl 8192]} ({Better is} 22... Nxd3 $14 23. Qxd3 Bd7) 23. Bxf5 $18 Bd7 24. Qg2 (24. Rhf1 $18) 24... Ne6 $16 25. Qg4 Nxd4 26. Bxd4 {[#] And now e6 would win.} Rf8 27. e6 Bxe6 28. Bxe6 fxe6 29. Qxe6 Rc6 30. Qe2 Qd7 31. Rhe1 $36 {[%mdl 2048] Strongly threatening Bc3. White has some pressure.} Kd8 32. c4 (32. Bc3 $16 {aiming for Rxd5!} Rf5 33. Ba5+ b6 34. Bc3) 32... Bb4 $11 33. cxd5 Rd6 $2 {[%mdl 8192]} (33... Qf5+ $11 {and Black is okay.} 34. Rd3 Rc4) 34. Rg1 $18 Re8 $2 (34... Qf5+ 35. Ka1 Rg6) 35. Qc2 Ba5 36. Rg7 Qc8 37. Qf2 Qc4 38. Qxh4+ Kc8 39. Rc1 {Accuracy: White = 65%, Black = 41%.} 1-0

[Event "XXX Roquetas de Mar Open 2019"]
[Site "Roquetas de Mar"]
[Date "2019.01.07"]
[Round "9"]
[White "Sosa, Tomas"]
[Black "Sabuk, Piotr"]
[Result "0-1"]
[WhiteElo "2499"]
[BlackElo "2395"]
[Annotator "TA"]
[PlyCount "130"]
[EventDate "2019.01.02"]
[EventType "swiss"]
[EventCountry "ESP"]
[SourceTitle "playchess.com"]
[Source "ChessBase"]
[SourceQuality "1"]

{[%evp 32,130,0,-14,-10,-16,-19,-37,-29,-29,-21,-21,-21,-21,-11,-25,-24,-19,-9,-74,-78,-79,-72,-72,-70,-84,-70,-85,-18,-14,0,-76,-81,-108,-99,-121,-117,-203,-222,-400,-376,-426,-433,-391,-410,-425,-433,-406,-355,-482,-421,-458,-413,-547,-585,-495,-495,-556,-495,-409,-487,-462,-410,-492,-475,-359,-303,-276,-259,-607,-608,-591,-583,-568,-551,-535,-535,-441,-419,-1319,-1261,-1487,-1210,-6087,-4618,-29976,-29977,-29978,-29979,-29979,-29980,-29982,-29983,-29983,-29984,-29984,-29985,-29986,-29987,-29987,-29988]} 1. e4 e5 2. Nf3 Nc6 3. Bb5 a6 4. Ba4 Nf6 5. O-O Be7 6. Re1 b5 7. Bb3 d6 8. c3 O-O 9. d4 {[%cal Bd2d4,Bd4d5][%mdl 32]} Bg4 10. d5 Na5 11. Bc2 c6 12. h3 Bc8 13. dxc6 Qc7 14. Nbd2 Qxc6 15. Nf1 Be6 16. Ng5 {C91: Closed Ruy Lopez: 7...d6 8 c3 0-0 9 d4} Bd7 17. a4 {[#] LiveBook: 28 Games} Qb7 $146 ({Predecessor:} 17... h6 18. Nf3 Rfc8 19. axb5 axb5 20. Bd3 Be6 21. Ng3 Nb3 22. Rxa8 Rxa8 23. Be3 Nc5 24. Bb1 Ra1 25. Nd2 Nd3 {0-1 (25) Stets,D (2383)-Gozzoli,Y (2587) Espalion 2018}) 18. Ne3 {The position is equal.} Nc4 19. Nd5 Nxd5 20. exd5 f5 21. axb5 axb5 22. Rxa8 Qxa8 23. Ne6 Bxe6 24. dxe6 Qc6 25. g4 (25. b3 $11 Nb6 26. Bd3) 25... e4 $1 $17 26. gxf5 d5 27. Qh5 Nd6 $1 28. Bb3 Rxf5 29. Qg4 $1 Rf6 ({Better is} 29... g6 $17 30. Be3 Nc4 31. Bxc4 bxc4) 30. Qh5 $1 $11 Rf5 ({Black should try} 30... Nf5 $11 31. Bf4 g5) 31. Qg4 $1 $17 g6 32. Bh6 Nc4 $36 {[%mdl 2048] aiming for ...Ne5. Keeping White busy.} 33. Bxc4 bxc4 34. Ra1 (34. Be3 $17 {keeps fighting.}) 34... Bc5 $19 ({Resist} 34... Qxe6 35. Ra8+ Kf7 36. Rh8 $15) 35. Be3 $2 (35. Bf4 {was the only defense.}) 35... Bxe3 $1 36. fxe3 Qxe6 {[%mdl 4096] Endgame KQR-KQR} 37. Ra8+ Kg7 38. Ra7+ {[#]} Kf6 $1 39. Qh4+ {[#]} Rg5+ $1 40. Kf1 Qf5+ (40... Qb6 $2 41. Rd7 $17) 41. Ke1 {[#]} h6 $1 {[%mdl 512]} 42. Qf2 (42. Qxh6 Rg1+) 42... Qxf2+ 43. Kxf2 {KR-KR} Rf5+ 44. Kg2 Ke5 45. Re7+ Kd6 46. Rg7 Rf6 47. h4 Ke5 48. Re7+ Re6 49. Rb7 h5 50. Kg3 $2 (50. b3 cxb3 51. Rxb3) 50... Rf6 51. Re7+ Kd6 52. Rg7 Rf3+ 53. Kg2 Rxe3 54. Rxg6+ Kc5 55. Rg5 (55. Kf2 $142 Rh3 56. Rg8) 55... Re2+ {[%mdl 64] Double Attack} 56. Kg1 Rxb2 57. Rxh5 Rc2 58. Rh8 Rxc3 {Black mates.} 59. h5 Kd4 60. Kg2 Rf3 61. Rg8 Rf5 62. h6 Rh5 63. Rg6 c3 {[%cal Bc4c3,Bc3c2][%mdl 32]} 64. Kf2 c2 65. Rc6 {[#]} Rxh6 $1 {[%mdl 512] Accuracy: White = 28%, Black = 90%.} 0-1

[Event "XXX Roquetas de Mar Open 2019"]
[Site "Roquetas de Mar"]
[Date "2019.01.07"]
[Round "9"]
[White "Gascon Del Nogal, Jose Rafael"]
[Black "Sreeshwan Maralakshikari"]
[Result "1/2-1/2"]
[WhiteElo "2486"]
[BlackElo "2278"]
[Annotator "TA"]
[PlyCount "60"]
[EventDate "2019.01.02"]
[EventType "swiss"]
[EventCountry "ESP"]
[SourceTitle "playchess.com"]
[Source "ChessBase"]
[SourceQuality "1"]

{[%evp 25,60,-24,13,-45,-42,-51,-53,-43,-43,-47,-43,-58,-45,-27,-25,-22,-25,-31,-22,-29,-11,-12,0,-12,-12,-5,-5,-3,-4,-4,0,-7,0,-8,0,-4,0]} 1. d4 d5 2. c4 c6 3. Nf3 Nf6 4. g3 Bg4 5. Bg2 e6 6. O-O Nbd7 7. b3 Be7 8. Bb2 O-O 9. Nbd2 a5 10. a3 h6 11. Re1 Bf5 12. Ne5 Nxe5 {D11: Slav Defence: 3 Nf3 sidelines and 3...Nf6 4 e3 Bg4} 13. dxe5 Nd7 {LiveBook: 5 Games} 14. e4 (14. cxd5 $11 exd5 15. e4 dxe4 16. Bxe4) 14... dxe4 $15 {Black is slightly better.} 15. Nxe4 Nc5 $1 16. Re3 Qxd1+ 17. Rxd1 Nxe4 18. Bxe4 Bc5 19. Ree1 Bg4 $146 ({Predecessor:} 19... Rfd8 20. Bxf5 exf5 21. Kg2 {0-1 (37) Sziraki,T (2314)-Gonda,L (2486) Hungary 2010}) 20. Rd3 Rfd8 21. Rxd8+ $1 Rxd8 22. Bc3 Bxa3 {White should prevent ...b6.} 23. Bxa5 {The position is equal.} Rd1 24. Kf1 Bb2 25. f4 Bd4 26. Bc2 Bh3+ 27. Ke2 Bg4+ 28. Kf1 Bh3+ 29. Ke2 Bg4+ 30. Kf1 Bh3+ 1/2-1/2

[Event "XXX Roquetas de Mar Open 2019"]
[Site "Roquetas de Mar"]
[Date "2019.01.07"]
[Round "9"]
[White "Nayhebaver, Martin"]
[Black "Moral Garcia, Serafin"]
[Result "1-0"]
[WhiteElo "2462"]
[BlackElo "2260"]
[Annotator "TA"]
[PlyCount "75"]
[EventDate "2019.01.02"]
[EventType "swiss"]
[EventCountry "ESP"]
[SourceTitle "playchess.com"]
[Source "ChessBase"]
[SourceQuality "1"]

{[%evp 22,75,48,31,26,9,16,0,25,8,4,5,19,18,14,13,26,0,50,-7,0,-32,-32,-44,-38,-32,-31,-38,-33,-47,151,159,158,139,161,153,143,148,149,141,145,76,1716,1680,1556,1547,1159,838,812,817,825,825,714,777,745,736]} 1. e4 c5 2. Nf3 g6 3. c3 d5 4. exd5 Qxd5 5. d4 Bg7 6. Be3 cxd4 7. cxd4 Nf6 8. Nc3 Qd8 9. Bc4 O-O 10. O-O Nbd7 11. Bb3 Nb6 12. d5 {LiveBook: 6 Games} Bg4 {B14: Caro-Kann: Panov-Botvinnik Attack with 5...e6 and 5...g6} 13. h3 Bxf3 14. Qxf3 Nc8 {The position is equal.} (14... Ne8 15. Rfe1 Nd6 16. Bg5 Bf6 17. Bh6 Bg7 18. Bxg7 Kxg7 19. Qe3 Re8 20. Qd4+ {1-0 (30) Motylev,A (2649)-Zvjaginsev,V (2660) Berlin 2015}) 15. d6 $146 ({Predecessor:} 15. Rfe1 Nd6 16. Rad1 a6 17. Na4 Nd7 18. Bg5 Bf6 19. Bxf6 Nxf6 20. Qe3 {1-0 (40) Moreda,L (2329)-Alonso,S (2484) Buenos Aires 2003}) 15... Nxd6 16. Rad1 Qa5 17. Bf4 Rad8 18. Rfe1 Rd7 19. g4 Rfd8 20. Re5 ({White should try} 20. Be5 $14) 20... Qa6 $11 21. Rde1 e6 22. Bg5 Qc6 23. Qf4 Nfe8 24. R5e3 Rc8 25. Rd3 Nb5 $2 (25... b5 $15 {stays ahead.}) 26. Rxd7 $16 Qxd7 27. Nxb5 Qxb5 {[#]} 28. Rxe6 $1 {[%mdl 512]} fxe6 29. Bxe6+ {[%mdl 64] Double Attack} Kh8 30. Bxc8 {Black must now prevent Be6.} Qxb2 31. Be6 $40 {[%mdl 128] White is out for blood.} (31. Bd7 $142 Qc3 32. Bh4) 31... Qe5 $2 {[%mdl 8192]} (31... Qa1+ $16 32. Kg2 Qe5) 32. Qf7 $18 {[%csl Ge6][%cal Rf7g8][%mdl 64] [#] Double Attack. White is clearly winning.} Qe1+ 33. Kg2 {[%csl Ge6][%cal Rf7g8]} Qe4+ 34. Kg3 {[%csl Ge6][%cal Rf7g8]} Qe5+ 35. Bf4 {[%csl Ge6][%cal Rf7g8]} Qc3+ 36. Kh2 {[%csl Ge6][%cal Rf7g8]} Nf6 37. g5 Qf3 38. Bg3 {Accuracy: White = 47%, Black = 46%.} 1-0